Manuel d'arabe moderne

Αποθηκεύτηκε σε:
Λεπτομέρειες βιβλιογραφικής εγγραφής
Κύριος συγγραφέας: Deheuvels, Luc-Willy
Μορφή: Βιβλίο
Γλώσσα:French
Arabic
Δημοσίευση: Paris : Langues & Mondes, 2000
Έκδοση:6th ed.
Σειρά:Langues u I'INALCO
Θέματα:
Ετικέτες: Προσθήκη ετικέτας
Δεν υπάρχουν, Καταχωρήστε ετικέτα πρώτοι!

MARC

LEADER 00000nam a2200000 i 4500
001 1/14535
008 001205s2000 fre d
020 |a 2-901795-63-3 
035 |l 10065036 
040 |a GR-MY-UA  |b gre  |e aacr 
041 0 |a fre  |a ara 
082 0 |a 492.7 
100 1 |a Deheuvels, Luc-Willy. 
245 1 0 |a Manuel d'arabe moderne /  |c Luc-Willy Deheuvels 
250 |a 6th ed. 
260 |a Paris :   |b Langues & Mondes,   |c 2000 
300 |a ... v.  |e 2 cassettes 
490 1 |a Langues u I'INALCO 
650 0 0 |a Arabic language  |x Tex-tbooks for foreign speakers  |x French. 
830 0 |a Langues u I'INALCO 
852 |a INST  |b RHODES  |e 20001205  |h 492.7 DEH  |p 005400017452  |q 005400017452  |t BK  |y 0 
852 |a INST  |b RHODES  |e 20001205  |h 492.7 DEH  |p 005400017450  |q 005400017450  |t BK  |y 0 
852 |a INST  |b RHODES  |e 20001205  |h 492.7 DEH  |p 005400017451  |q 005400017451  |t BK  |y 0 
901 |a BIBL4-2000-3 
909 |a Ρ  |b 082831 
909 |a Ρ  |b 082832 
909 |a Ρ  |b 082833 
922 |a 4ΕΛΗ  |b 200010  |c ΚΠΣ/124 
970 |a ΚΟΥΛΑΚΙΟΤΗ  |b ΛΙΤΣΑ  |z 2000/12/05